000 00548nam a2200169 i 4500
001 39735
003 ES-MaACL
005 20230906160053.0
007 t|
008 030304s1972 sp f |||| | spa d
100 1 _aCampo Jesús, Luis del.
_934215
245 1 0 _aPamplona y toros
_b: siglo XVIII /
_cLuis del Campo ; [prólogo de Miguel Urmeneta Ajarnaute].
260 _aPamplona :
_bLa Acción Social,
_c[1972]
300 _a439 p., 4 lám. ;
_c21 cm.
650 4 _aCorridas de toros-
_zPamplona-
_vHistoria.
_9163252
852 _aES-MaACL
_jC-46261
999 _c39735
_d39735